000 01012nam0a2200301 4500
001 RU\NLR\BIBL_A\012032645
005 20190626154750.0
010 _a978-5-17-115181-2
_91300
021 _aRU
_bКН-П-19-035174
_9КН-П-19-2598
035 _a(NLR Aleph) 012032645
035 _a(RuMoRGB)009978190
090 _a11560197
_c11560197
100 _a20190607d2019 a y0rusy50 ca
101 1 _arus
_ceng
102 _aRU
105 _aa|||zzzz0|0ay
200 1 _aДракула
_e[роман]
_fБрэм Стокер
_g[перевод с английского Т. Красавченко]
210 _aМосква
_cАСТ
_d2019
215 _a350, [1] с.
_d21 с
225 1 _aБольшая библиотека приключения
333 _a16+
686 1 _aШ6(4Вл)57-445{Лх1297-45}
700 1 _aСтокер
_bБ.
_f1847-1912
_gБрэм
_3RU\NLR\auth\7712521
942 _cBOOK
980 _aNBR
980 _aNB